[Event "DEM U18 2025"]
[Site "Willingen GER"]
[Date "2025.06.12"]
[Round "7"]
[White "Fuhrmann, Bahne"]
[Black "Ensslinger, Colin"]
[Result "1/2-1/2"]
[Termination "normal"]
[Board "8"]
[WhiteTitle "FM"]
[WhiteElo "2256"]
[BlackElo "2081"]
[WhiteClock "00:31:27"]
[BlackClock "00:23:00"]
[PlyCount "101"]
[WhiteFideId "16244842"]
[BlackFideId "16226011"]
[EventCountry "GER"]
[EventRounds "9"]
[EventType "swiss"]
[EventDate "2025.06.07"]

1. d4 {[%clk 01:30:51]} {[%emt 00:00:09]} Nf6 {[%clk 01:30:54]} {[%emt
00:00:07]} 2. g3 {[%clk 01:31:17]} {[%emt 00:00:04]} e6 {[%clk 01:31:15]}
{[%emt 00:00:08]} 3. Bg2 {[%clk 01:31:43]} {[%emt 00:00:05]} c5 {[%clk
01:31:11]} {[%emt 00:00:34]} 4. Nf3 {[%clk 01:32:08]} {[%emt 00:00:05]} cxd4
{[%clk 01:31:21]} {[%emt 00:00:20]} 5. Nxd4 {[%clk 01:32:09]} {[%emt 00:00:30]}
d5 {[%clk 01:31:16]} {[%emt 00:00:34]} 6. O-O {[%clk 01:32:32]} {[%emt
00:00:07]} e5 {[%clk 01:31:16]} {[%emt 00:00:30]} 7. Nb3 {[%clk 01:32:58]}
{[%emt 00:00:05]} Nc6 {[%clk 01:29:37]} {[%emt 00:02:08]} 8. Bg5 {[%clk
01:28:20]} {[%emt 00:05:08]} Be6 {[%clk 01:25:47]} {[%emt 00:04:19]} 9. Nc3
{[%clk 01:13:25]} {[%emt 00:15:25]} d4 {[%clk 01:17:10]} {[%emt 00:09:07]} 10.
Ne4 {[%clk 01:13:47]} {[%emt 00:00:09]} h6 {[%clk 01:15:21]} {[%emt 00:02:18]}
11. Bxf6 {[%clk 01:09:45]} {[%emt 00:04:33]} gxf6 {[%clk 01:15:05]} {[%emt
00:00:47]} 12. Nec5 {[%clk 01:05:33]} {[%emt 00:04:41]} Bxc5 {[%clk 01:13:19]}
{[%emt 00:02:16]} 13. Nxc5 {[%clk 01:03:22]} {[%emt 00:02:41]} Qb6 {[%clk
01:12:36]} {[%emt 00:01:13]} 14. Nxe6 {[%clk 01:02:31]} {[%emt 00:01:21]} fxe6
{[%clk 01:12:46]} {[%emt 00:00:19]} 15. Qd3 {[%clk 00:58:35]} {[%emt 00:04:27]}
O-O-O {[%clk 01:10:53]} {[%emt 00:02:21]} 16. b4 {[%clk 00:55:19]} {[%emt
00:03:48]} Ne7 {[%clk 00:59:54]} {[%emt 00:11:28]} 17. a4 {[%clk 00:49:24]}
{[%emt 00:06:25]} f5 {[%clk 00:49:37]} {[%emt 00:10:46]} 18. a5 {[%clk
00:45:50]} {[%emt 00:04:05]} Qc7 {[%clk 00:44:43]} {[%emt 00:05:23]} 19. b5
{[%clk 00:43:59]} {[%emt 00:02:23]} Qd6 {[%clk 00:41:23]} {[%emt 00:03:49]} 20.
Rfd1 {[%clk 00:39:27]} {[%emt 00:05:03]} Nd5 {[%clk 00:38:15]} {[%emt
00:03:37]} 21. Bxd5 {[%clk 00:31:12]} {[%emt 00:08:46]} Qxd5 {[%clk 00:37:39]}
{[%emt 00:01:06]} 22. e3 {[%clk 00:31:23]} {[%emt 00:00:18]} Kb8 {[%clk
00:33:02]} {[%emt 00:05:07]} 23. exd4 {[%clk 00:30:32]} {[%emt 00:01:22]} e4
{[%clk 00:30:43]} {[%emt 00:02:48]} 24. Qe2 {[%clk 00:24:26]} {[%emt 00:06:37]}
Rc8 {[%clk 00:30:30]} {[%emt 00:00:43]} 25. Rac1 {[%clk 00:21:27]} {[%emt
00:03:28]} Rc4 {[%clk 00:26:20]} {[%emt 00:04:40]} 26. b6 {[%clk 00:21:13]}
{[%emt 00:00:45]} a6 {[%clk 00:25:21]} {[%emt 00:01:29]} 27. c3 {[%clk
00:20:45]} {[%emt 00:00:58]} Rhc8 {[%clk 00:21:12]} {[%emt 00:04:38]} 28. Qe3
{[%clk 00:20:56]} {[%emt 00:00:19]} Qxa5 {[%clk 00:16:57]} {[%emt 00:04:46]}
29. Qf4+ {[%clk 00:21:21]} {[%emt 00:00:05]} Ka8 {[%clk 00:17:19]} {[%emt
00:00:08]} 30. Qxh6 {[%clk 00:21:29]} {[%emt 00:00:22]} Qxb6 {[%clk 00:17:23]}
{[%emt 00:00:26]} 31. d5 {[%clk 00:21:31]} {[%emt 00:00:27]} e3 {[%clk
00:16:07]} {[%emt 00:01:46]} 32. fxe3 {[%clk 00:21:05]} {[%emt 00:00:57]} Re4
{[%clk 00:12:34]} {[%emt 00:04:03]} 33. Re1 {[%clk 00:18:11]} {[%emt 00:03:24]}
f4 {[%clk 00:12:23]} {[%emt 00:00:41]} 34. Rb1 {[%clk 00:17:21]} {[%emt
00:01:19]} Qc7 {[%clk 00:10:28]} {[%emt 00:02:25]} 35. gxf4 {[%clk 00:09:50]}
{[%emt 00:08:01]} exd5 {[%clk 00:08:55]} {[%emt 00:02:04]} 36. Kh1 {[%clk
00:10:08]} {[%emt 00:00:11]} Qe7 {[%clk 00:08:16]} {[%emt 00:01:09]} 37. Rb6
{[%clk 00:09:04]} {[%emt 00:01:35]} Rxe3 {[%clk 00:03:49]} {[%emt 00:04:57]}
38. Rxa6+ {[%clk 00:08:48]} {[%emt 00:00:46]} Kb8 {[%clk 00:03:26]} {[%emt
00:00:52]} 39. Rxe3 {[%clk 00:08:50]} {[%emt 00:00:28]} Qxe3 {[%clk 00:03:53]}
{[%emt 00:00:03]} 40. Qd6+ {[%clk 00:07:40]} {[%emt 00:01:40]} Rc7 {[%clk
00:04:15]} {[%emt 00:00:09]} 41. Qd8+ {[%clk 00:07:47]} {[%emt 00:00:23]} Rc8
{[%clk 00:04:43]} {[%emt 00:00:01]} 42. Ra8+ {[%clk 00:07:30]} {[%emt
00:00:47]} Kxa8 {[%clk 00:05:05]} {[%emt 00:00:10]} 43. Qxc8+ {[%clk 00:07:54]}
{[%emt 00:00:04]} Ka7 {[%clk 00:05:32]} {[%emt 00:00:04]} 44. Qc7 {[%clk
00:03:13]} {[%emt 00:05:12]} Qf2 {[%clk 00:05:05]} {[%emt 00:00:55]} 45. Qa5+
{[%clk 00:02:26]} {[%emt 00:01:17]} Kb8 {[%clk 00:05:34]} 46. Qd8+ {[%clk
00:02:51]} {[%emt 00:00:06]} Ka7 {[%clk 00:06:02]} {[%emt 00:00:02]} 47. Qg5
{[%clk 00:01:21]} {[%emt 00:02:00]} Qf3+ {[%clk 00:22:14]} {[%emt 00:14:18]}
48. Kg1 {[%clk 00:31:38]} {[%emt 00:00:12]} Qxc3 {[%clk 00:22:15]} {[%emt
00:00:30]} 49. Qxd5 {[%clk 00:30:49]} {[%emt 00:01:19]} Qe3+ {[%clk 00:22:38]}
{[%emt 00:00:07]} 50. Kg2 {[%clk 00:31:12]} {[%emt 00:00:08]} Qxf4 {[%clk
00:23:00]} {[%emt 00:00:07]} 51. Qa5+ {[%clk 00:31:27]} {[%emt 00:00:14]}
1/2-1/2

[Event "DEM U18 2025"]
[Site "Willingen GER"]
[Date "2025.06.12"]
[Round "7"]
[White "Strehse, Nelson"]
[Black "Neuhoff, Laertes"]
[Result "1-0"]
[Termination "normal"]
[Board "9"]
[WhiteElo "2168"]
[BlackElo "2130"]
[WhiteClock "00:13:10"]
[BlackClock "00:03:04"]
[PlyCount "121"]
[WhiteFideId "16228898"]
[BlackFideId "16279719"]
[EventCountry "GER"]
[EventRounds "9"]
[EventType "swiss"]
[EventDate "2025.06.07"]

1. Nf3 {[%clk 01:30:38]} {[%emt 00:00:20]} Nf6 {[%clk 01:30:44]} {[%emt
00:00:17]} 2. g3 {[%clk 01:30:59]} {[%emt 00:00:08]} d5 {[%clk 01:31:03]}
{[%emt 00:00:11]} 3. Bg2 {[%clk 01:31:23]} {[%emt 00:00:07]} c5 {[%clk
01:31:23]} {[%emt 00:00:10]} 4. O-O {[%clk 01:31:46]} {[%emt 00:00:07]} g6
{[%clk 01:31:33]} {[%emt 00:00:20]} 5. d4 {[%clk 01:32:01]} {[%emt 00:00:15]}
cxd4 {[%clk 01:32:02]} {[%emt 00:00:02]} 6. Nxd4 {[%clk 01:32:24]} {[%emt
00:00:07]} Bg7 {[%clk 01:32:25]} {[%emt 00:00:06]} 7. Nb3 {[%clk 01:32:36]}
{[%emt 00:00:18]} O-O {[%clk 01:32:33]} {[%emt 00:00:21]} 8. Nc3 {[%clk
01:33:01]} {[%emt 00:00:06]} e6 {[%clk 01:32:54]} {[%emt 00:00:09]} 9. e4
{[%clk 01:33:18]} {[%emt 00:00:13]} Nc6 {[%clk 01:32:29]} {[%emt 00:00:55]} 10.
exd5 {[%clk 01:32:25]} {[%emt 00:01:23]} exd5 {[%clk 01:32:53]} {[%emt
00:00:07]} 11. Nxd5 {[%clk 01:32:23]} {[%emt 00:00:31]} Nxd5 {[%clk 01:33:17]}
{[%emt 00:00:06]} 12. Bxd5 {[%clk 01:31:11]} {[%emt 00:01:42]} Nb4 {[%clk
01:20:01]} {[%emt 00:13:47]} 13. Be4 {[%clk 01:27:48]} {[%emt 00:03:50]} Bh3
{[%clk 01:07:21]} {[%emt 00:13:12]} 14. Re1 {[%clk 01:24:29]} {[%emt 00:03:49]}
Qxd1 {[%clk 00:58:19]} {[%emt 00:09:32]} 15. Rxd1 {[%clk 01:24:56]} {[%emt
00:00:02]} Rfe8 {[%clk 00:58:24]} {[%emt 00:00:26]} 16. Bxb7 {[%clk 01:16:45]}
{[%emt 00:08:40]} Rab8 {[%clk 00:44:57]} {[%emt 00:13:58]} 17. Bf3 {[%clk
01:02:22]} {[%emt 00:14:48]} Nxc2 {[%clk 00:44:18]} {[%emt 00:01:13]} 18. Rb1
{[%clk 00:58:52]} {[%emt 00:03:59]} Bf5 {[%clk 00:33:25]} {[%emt 00:11:26]} 19.
Bf4 {[%clk 00:54:57]} {[%emt 00:04:24]} Rxb3 {[%clk 00:31:29]} {[%emt
00:02:27]} 20. axb3 {[%clk 00:55:14]} {[%emt 00:00:12]} Nd4 {[%clk 00:31:55]}
{[%emt 00:00:04]} 21. Rxd4 {[%clk 00:48:44]} {[%emt 00:07:00]} Bxd4 {[%clk
00:32:23]} {[%emt 00:00:02]} 22. Rc1 {[%clk 00:46:55]} {[%emt 00:02:19]} Bh3
{[%clk 00:28:15]} {[%emt 00:04:38]} 23. Rb1 {[%clk 00:39:17]} {[%emt 00:08:05]}
Kg7 {[%clk 00:26:11]} {[%emt 00:02:37]} 24. Rd1 {[%clk 00:34:16]} {[%emt
00:05:25]} Bb6 {[%clk 00:25:09]} {[%emt 00:01:38]} 25. Rc1 {[%clk 00:32:49]}
{[%emt 00:01:54]} h5 {[%clk 00:25:12]} {[%emt 00:00:30]} 26. Bd2 {[%clk
00:30:24]} {[%emt 00:02:51]} Re7 {[%clk 00:08:30]} {[%emt 00:17:15]} 27. Bc3+
{[%clk 00:29:58]} {[%emt 00:00:56]} Kh6 {[%clk 00:08:59]} {[%emt 00:00:01]} 28.
Bd2+ {[%clk 00:27:03]} {[%emt 00:03:24]} Kg7 {[%clk 00:08:33]} {[%emt
00:00:57]} 29. Bc3+ {[%clk 00:27:26]} {[%emt 00:00:08]} Kh6 {[%clk 00:08:59]}
{[%emt 00:00:04]} 30. Rd1 {[%clk 00:27:33]} {[%emt 00:00:21]} Re8 {[%clk
00:04:08]} {[%emt 00:05:23]} 31. b4 {[%clk 00:25:49]} {[%emt 00:02:13]} Re7
{[%clk 00:02:11]} {[%emt 00:02:28]} 32. Rd6 {[%clk 00:24:37]} {[%emt 00:01:40]}
Bc7 {[%clk 00:01:29]} {[%emt 00:01:14]} 33. Rd4 {[%clk 00:23:57]} {[%emt
00:01:07]} g5 {[%clk 00:00:39]} {[%emt 00:01:22]} 34. Rd5 {[%clk 00:20:15]}
{[%emt 00:04:11]} Bb6 {[%clk 00:00:32]} {[%emt 00:00:39]} 35. Bd2 {[%clk
00:19:31]} {[%emt 00:01:12]} f6 {[%clk 00:00:48]} {[%emt 00:00:16]} 36. Bc3
{[%clk 00:19:05]} {[%emt 00:00:56]} g4 {[%clk 00:00:42]} {[%emt 00:00:37]} 37.
Bd1 {[%clk 00:18:59]} {[%emt 00:00:35]} Re6 {[%clk 00:00:42]} {[%emt 00:00:31]}
38. Rd7 {[%clk 00:18:38]} {[%emt 00:00:49]} f5 {[%clk 00:00:35]} {[%emt
00:00:39]} 39. Rd5 {[%clk 00:01:53]} {[%emt 00:17:14]} Kg6 {[%clk 00:01:01]}
{[%emt 00:00:05]} 40. Re5 {[%clk 00:01:55]} {[%emt 00:00:28]} Rxe5 {[%clk
00:00:38]} {[%emt 00:00:53]} 41. Bxe5 {[%clk 00:02:22]} {[%emt 00:00:03]} Kf7
{[%clk 00:27:44]} {[%emt 00:03:24]} 42. Bb3+ {[%clk 00:31:49]} {[%emt
00:01:02]} Kg6 {[%clk 00:26:47]} {[%emt 00:01:27]} 43. Be6 {[%clk 00:30:14]}
{[%emt 00:02:02]} Bd8 {[%clk 00:25:27]} {[%emt 00:01:53]} 44. Bd7 {[%clk
00:27:54]} {[%emt 00:02:50]} Bb6 {[%clk 00:12:54]} {[%emt 00:13:05]} 45. Be8+
{[%clk 00:27:41]} {[%emt 00:00:42]} Kg5 {[%clk 00:13:22]} 46. Bf4+ {[%clk
00:26:23]} {[%emt 00:01:49]} Kf6 {[%clk 00:13:52]} {[%emt 00:00:01]} 47. Bxh5
{[%clk 00:26:12]} {[%emt 00:00:39]} Bd4 {[%clk 00:14:21]} {[%emt 00:00:03]} 48.
Be8 {[%clk 00:21:58]} {[%emt 00:04:43]} Ke6 {[%clk 00:14:11]} {[%emt 00:00:40]}
49. Bb5 {[%clk 00:20:57]} {[%emt 00:01:29]} Kd5 {[%clk 00:13:48]} {[%emt
00:00:55]} 50. Bd3 {[%clk 00:20:34]} {[%emt 00:00:52]} Ke6 {[%clk 00:14:17]}
{[%emt 00:00:02]} 51. b3 {[%clk 00:19:46]} {[%emt 00:01:18]} Bb6 {[%clk
00:14:28]} {[%emt 00:00:20]} 52. Bc4+ {[%clk 00:19:56]} {[%emt 00:00:19]} Kf6
{[%clk 00:13:10]} {[%emt 00:01:48]} 53. Bg8 {[%clk 00:19:05]} {[%emt 00:01:18]}
Kg7 {[%clk 00:09:22]} {[%emt 00:04:22]} 54. Bd5 {[%clk 00:19:21]} {[%emt
00:00:13]} Kf6 {[%clk 00:09:51]} {[%emt 00:00:01]} 55. Be3 {[%clk 00:14:13]}
{[%emt 00:05:35]} Ke5 {[%clk 00:02:00]} {[%emt 00:08:24]} 56. Bb7 {[%clk
00:14:14]} {[%emt 00:00:28]} Kd6 {[%clk 00:01:56]} {[%emt 00:00:33]} 57. Bxb6
{[%clk 00:13:19]} {[%emt 00:01:27]} axb6 {[%clk 00:02:19]} {[%emt 00:00:07]}
58. Bg2 {[%clk 00:12:29]} {[%emt 00:01:19]} Ke5 {[%clk 00:02:16]} {[%emt
00:00:34]} 59. Bxh3 {[%clk 00:12:47]} {[%emt 00:00:11]} gxh3 {[%clk 00:02:45]}
{[%emt 00:00:01]} 60. f3 {[%clk 00:12:47]} {[%emt 00:00:30]} Kd4 {[%clk
00:03:04]} {[%emt 00:00:11]} 61. Kf2 {[%clk 00:13:10]} {[%emt 00:00:07]} 1-0

[Event "DEM U18 2025"]
[Site "Willingen GER"]
[Date "2025.06.12"]
[Round "7"]
[White "Stork, Christopher"]
[Black "Sieber, Bert"]
[Result "1-0"]
[Termination "normal"]
[Board "10"]
[WhiteElo "2132"]
[BlackElo "1996"]
[WhiteClock "00:04:55"]
[BlackClock "00:04:01"]
[PlyCount "107"]
[WhiteFideId "16215400"]
[BlackFideId "16265971"]
[EventCountry "GER"]
[EventRounds "9"]
[EventType "swiss"]
[EventDate "2025.06.07"]

1. d4 {[%clk 01:30:51]} {[%emt 00:00:08]} d5 {[%clk 01:30:53]} {[%emt
00:00:08]} 2. c4 {[%clk 01:31:14]} {[%emt 00:00:06]} e6 {[%clk 01:31:18]}
{[%emt 00:00:05]} 3. Nf3 {[%clk 01:31:39]} {[%emt 00:00:05]} a6 {[%clk
01:31:22]} {[%emt 00:00:26]} 4. Bg5 {[%clk 01:32:03]} {[%emt 00:00:07]} Nf6
{[%clk 01:29:39]} {[%emt 00:02:12]} 5. e3 {[%clk 01:30:52]} {[%emt 00:01:41]}
Be7 {[%clk 01:28:07]} {[%emt 00:02:02]} 6. cxd5 {[%clk 01:29:08]} {[%emt
00:02:15]} exd5 {[%clk 01:27:50]} {[%emt 00:00:47]} 7. Bd3 {[%clk 01:29:28]}
{[%emt 00:00:10]} h6 {[%clk 01:16:43]} {[%emt 00:11:36]} 8. Bxf6 {[%clk
01:19:12]} {[%emt 00:10:46]} Bxf6 {[%clk 01:16:50]} {[%emt 00:00:24]} 9. Qc2
{[%clk 01:18:22]} {[%emt 00:01:20]} O-O {[%clk 01:13:01]} {[%emt 00:04:19]} 10.
O-O {[%clk 01:14:56]} {[%emt 00:03:56]} Nc6 {[%clk 01:07:29]} {[%emt 00:06:02]}
11. a3 {[%clk 01:12:11]} {[%emt 00:03:14]} Ne7 {[%clk 00:57:02]} {[%emt
00:10:57]} 12. Nbd2 {[%clk 01:11:06]} {[%emt 00:01:35]} g6 {[%clk 00:53:43]}
{[%emt 00:03:49]} 13. b4 {[%clk 01:01:40]} {[%emt 00:09:56]} Bf5 {[%clk
00:51:18]} {[%emt 00:02:56]} 14. Bxf5 {[%clk 00:56:10]} {[%emt 00:05:59]} Nxf5
{[%clk 00:51:28]} {[%emt 00:00:20]} 15. a4 {[%clk 00:55:20]} {[%emt 00:01:20]}
Nd6 {[%clk 00:50:20]} {[%emt 00:01:39]} 16. Rab1 {[%clk 00:50:29]} {[%emt
00:05:22]} c6 {[%clk 00:50:14]} {[%emt 00:00:35]} 17. Nb3 {[%clk 00:48:43]}
{[%emt 00:02:15]} Qe7 {[%clk 00:45:40]} {[%emt 00:05:04]} 18. Nc5 {[%clk
00:47:05]} {[%emt 00:02:08]} Kg7 {[%clk 00:42:11]} {[%emt 00:03:59]} 19. h3
{[%clk 00:45:45]} {[%emt 00:01:50]} h5 {[%clk 00:41:14]} {[%emt 00:01:26]} 20.
Rfe1 {[%clk 00:43:39]} {[%emt 00:02:37]} Rae8 {[%clk 00:39:23]} {[%emt
00:02:21]} 21. Nd3 {[%clk 00:41:07]} {[%emt 00:03:03]} Rh8 {[%clk 00:32:14]}
{[%emt 00:07:37]} 22. g3 {[%clk 00:31:25]} {[%emt 00:10:13]} g5 {[%clk
00:27:34]} {[%emt 00:05:09]} 23. Nfe5 {[%clk 00:28:18]} {[%emt 00:03:38]} Reg8
{[%clk 00:13:47]} {[%emt 00:14:18]} 24. Kg2 {[%clk 00:26:11]} {[%emt 00:02:36]}
Bxe5 {[%clk 00:12:30]} {[%emt 00:01:47]} 25. dxe5 {[%clk 00:25:44]} {[%emt
00:00:57]} Nc4 {[%clk 00:11:33]} {[%emt 00:01:27]} 26. Qc3 {[%clk 00:25:49]}
{[%emt 00:00:26]} f6 {[%clk 00:11:02]} {[%emt 00:01:00]} 27. e4 {[%clk
00:24:28]} {[%emt 00:01:50]} Nb6 {[%clk 00:07:48]} {[%emt 00:03:46]} 28. a5
{[%clk 00:23:29]} {[%emt 00:01:28]} dxe4 {[%clk 00:07:25]} {[%emt 00:00:53]}
29. axb6 {[%clk 00:22:59]} {[%emt 00:01:00]} exd3 {[%clk 00:07:47]} {[%emt
00:00:08]} 30. exf6+ {[%clk 00:23:26]} {[%emt 00:00:04]} Qxf6 {[%clk 00:08:07]}
{[%emt 00:00:10]} 31. Re7+ {[%clk 00:22:34]} {[%emt 00:01:21]} Kg6 {[%clk
00:08:36]} {[%emt 00:00:01]} 32. Qxd3+ {[%clk 00:22:04]} {[%emt 00:01:01]} Kh6
{[%clk 00:09:05]} 33. Rbe1 {[%clk 00:21:50]} {[%emt 00:00:43]} Rg6 {[%clk
00:09:22]} {[%emt 00:00:14]} 34. g4 {[%clk 00:08:25]} {[%emt 00:13:55]} Rf8
{[%clk 00:05:40]} {[%emt 00:04:11]} 35. Qe3 {[%clk 00:05:13]} {[%emt 00:03:42]}
Rf7 {[%clk 00:04:42]} {[%emt 00:01:28]} 36. Re4 {[%clk 00:03:27]} {[%emt
00:02:16]} h4 {[%clk 00:04:25]} {[%emt 00:00:47]} 37. Rd1 {[%clk 00:03:34]}
{[%emt 00:00:23]} Kh7 {[%clk 00:04:22]} {[%emt 00:00:34]} 38. Rd2 {[%clk
00:03:32]} {[%emt 00:00:32]} Rg8 {[%clk 00:03:37]} {[%emt 00:01:14]} 39. Qb3
{[%clk 00:02:29]} {[%emt 00:01:33]} Rgf8 {[%clk 00:03:31]} {[%emt 00:00:37]}
40. f4 {[%clk 00:01:48]} {[%emt 00:01:10]} gxf4 {[%clk 00:02:31]} {[%emt
00:01:30]} 41. Kf3 {[%clk 00:00:48]} {[%emt 00:01:31]} Re7 {[%clk 00:20:13]}
{[%emt 00:12:48]} 42. Qc2 {[%clk 00:21:52]} {[%emt 00:09:24]} Kg7 {[%clk
00:13:17]} {[%emt 00:07:27]} 43. g5 {[%clk 00:14:29]} {[%emt 00:07:53]} Qf7
{[%clk 00:12:44]} {[%emt 00:01:04]} 44. Qc3+ {[%clk 00:14:05]} {[%emt
00:00:53]} Kg8 {[%clk 00:11:40]} {[%emt 00:01:34]} 45. g6 {[%clk 00:10:20]}
{[%emt 00:04:14]} Qe8 {[%clk 00:11:27]} {[%emt 00:00:44]} 46. Qc4+ {[%clk
00:08:25]} {[%emt 00:02:26]} Kg7 {[%clk 00:10:54]} {[%emt 00:01:02]} 47. Qd4+
{[%clk 00:07:59]} {[%emt 00:00:57]} Kh6 {[%clk 00:10:45]} {[%emt 00:00:38]} 48.
g7 {[%clk 00:07:25]} {[%emt 00:01:04]} Rff7 {[%clk 00:05:01]} {[%emt 00:06:15]}
49. Rxe7 {[%clk 00:03:43]} {[%emt 00:04:11]} Rxe7 {[%clk 00:05:29]} {[%emt
00:00:02]} 50. Qf6+ {[%clk 00:03:45]} {[%emt 00:00:28]} Kh7 {[%clk 00:03:05]}
{[%emt 00:02:54]} 51. g8=Q+ {[%clk 00:03:44]} {[%emt 00:00:31]} Kxg8 {[%clk
00:03:10]} {[%emt 00:00:25]} 52. Rg2+ {[%clk 00:04:08]} {[%emt 00:00:06]} Kh7
{[%clk 00:03:34]} {[%emt 00:00:06]} 53. Qxh4+ {[%clk 00:04:33]} {[%emt
00:00:05]} Qh5+ {[%clk 00:04:01]} {[%emt 00:00:02]} 54. Qxh5# {[%clk 00:04:55]}
{[%emt 00:00:08]} 1-0